| 000 | 00915nam a2200253Ia 4500 | ||
|---|---|---|---|
| 005 | 20240524153511.0 | ||
| 008 | 130821s2005 xxua gr eng | ||
| 020 | _a0323018300 | ||
| 040 |
_aCo-BoUCM _bspa _cDavid Moreno (modificó) _dDavid Moreno (modificó) |
||
| 041 | 0 | 0 | _aeng |
| 060 | 1 | 0 | _aWL 330 |
| 245 | 0 | 0 |
_aNeurotology _ceditores Robert K. Jackler, Derald E. Brackmann |
| 250 | _a2nd ed. | ||
| 260 |
_aFiladelfia (Pensilvania, Estados Unidos) _bMosby _c2005 |
||
| 300 |
_axxiii, 1411 páginas _bilustraciones color |
||
| 650 | 0 | 4 |
_aAparato vestibular _xCirugía _99228 |
| 650 | 0 | 4 |
_aAparato vestibular _xEnfermedades _99228 |
| 650 | 0 | 4 |
_aNeurología _920299 |
| 650 | 0 | 4 |
_aVías auditivas _xCirugía _926192 |
| 650 | 0 | 4 |
_aVías auditivas _xEnfermedades _926192 |
| 700 | 1 |
_aBrackmann, Derald E. _d1937- _9164782 |
|
| 700 | 1 |
_aJackler, Robert K. _9164783 |
|
| 942 |
_cLIBRO _a15 _e2 _mN497 _2NLM _hWL 330 _n0 |
||
| 999 |
_c58868 _d58868 |
||